000 00657nam a2200193Ia 4500
003 GCL
008 140319s9999 xx 000 0 ara d
040 _aGCL /
_cGCL
082 0 4 _a810.008
_bع ج
100 1 _aعادل سليمان جمال
245 1 0 _aجمهرة مقالات الاستاذ محمود محمد شاكر /
_cعادل سليمان جمال
260 _aالقاهرة :
_bمكتبة الخانجى ،
_c2003
300 _aمتعدد ؛
_c24 سم
650 0 4 _aالمقالات العربية
650 0 4 _aالمقالات
650 0 4 _aالادب - مجموعات
650 0 4 _aالمقالات - مجموعات
942 _2ddc
_cBK
999 _c5799
_d5799